Une santé branchée sur la recherche: perspectives du Conseil de la recherche en santé pour le développement

Saved in:
Bibliografiske detaljer
Hovedforfatter: Neufeld, Victor (auteur)
Andre forfattere: Johnson-Dorn, Nancy (auteur)
Format: Bog
Sprog:fransk
Udgivet: Ottawa Centre de Recherches pour le Développement International 2001
Fag:
Tags: Tilføj Tag
Ingen Tags, Vær først til at tagge denne postø!

MARC

LEADER 00000nam a2200000 a 4500
001 UCM5108
003 CL-VaPUC
005 20220810103800.0
008 020927e20010000CN |||||||||||||||||fre|d
999 |c 301392  |d 301390 
040 |c Pontificia Universidad Católica de Valparaíso 
082 0 4 |a 362.1  |b NEU  |2 21 
100 |a Neufeld, Victor  |e auteur  |9 471474 
245 1 4 |a Une santé branchée sur la recherche: perspectives du Conseil de la recherche en santé pour le développement 
260 |a Ottawa  |b Centre de Recherches pour le Développement International  |c 2001 
300 |a 321 p 
583 |a last modification  |c 20020927 00:00:00  |k Rodrigo Vera 
650 0 |a Salud pública  |9 258913 
650 0 |a Problemas sociales  |9 258537 
650 0 |a Desigualdad social  |9 349409 
650 7 |a SALUD PUBLICA - PAISES EN DESARROLLO  |2 CL-VaPUC  |9 471476 
700 |a Johnson-Dorn, Nancy  |e auteur  |9 875285 
942 |c BK  |2 ddc 
945 |d 20020927 00:00:00  |a cmena 
952 |0 0  |1 0  |4 0  |6 362_100000000000000_NEU_2001  |7 0  |8 A  |9 360293  |a BIBGIM  |b BIBGIM  |d 2019-11-21  |i 3819477  |o 362.1 NEU 2001  |p 3819477  |r 2025-01-15  |w 2019-11-21  |y BK  |k GIM